Practical telecommunications and wireless communications for business and industry /
The technololgy and structure of telecommunications networks has changed dramatically over the past few years. These developments have changed the equipment you purchase, the services you use, the providers you can choose, and the methods available for transporting data. Practical Telecommunications...
| Main Author: | |
|---|---|
| Other Authors: | |
| Format: | eBook |
| Language: | English |
| Published: |
Amsterdam ; Boston :
Newnes,
[2004]
|
| Series: | Practical professional books from Elsevier.
|
| Subjects: | |
| Online Access: | Connect to the full text of this electronic book Publisher description Table of contents |
MARC
| Tag | First Indicator | Second Indicator | Subfields |
|---|---|---|---|
| LEADER | 00000cam a2200000Ia 4500 | ||
| 001 | in00002425705 | ||
| 006 | m d | ||
| 007 | cr cn||||||||| | ||
| 008 | 070806s2004 ne a fs 001 0 eng d | ||
| 005 | 20260609193713.0 | ||
| 020 | |a 9780750662710 | ||
| 020 | |a 0750662719 | ||
| 035 | |a (OCoLC)162591212 | ||
| 037 | |a 103869:103889 |b Elsevier Science & Technology |n http://www.sciencedirect.com | ||
| 040 | |a OPELS |c OPELS |d UtOrBLW | ||
| 049 | |a TEFA | ||
| 050 | 1 | 4 | |a TK5101 |b .W75 2004eb |
| 082 | 0 | 4 | |a 621.3'82 |2 22 |
| 100 | 1 | |a Wright, Edwin |c (Engineer) | |
| 245 | 1 | 0 | |a Practical telecommunications and wireless communications for business and industry / |c Edwin Wright, Deon Reynders. |
| 246 | 3 | |a Telecommunications and wireless communications | |
| 264 | 1 | |a Amsterdam ; |a Boston : |b Newnes, |c [2004] | |
| 264 | 4 | |c ©2004 | |
| 300 | |a x, 309 pages : |b illustrations ; |c 27 cm. | ||
| 336 | |a text |b txt |2 rdacontent | ||
| 337 | |a computer |b c |2 rdamedia | ||
| 338 | |a online resource |b cr |2 rdacarrier | ||
| 490 | 1 | |a Practical professional books from Elsevier | |
| 533 | |a Electronic reproduction. |b Amsterdam : |c Elsevier Science & Technology, |d 2007. |n Mode of access: World Wide Web. |n System requirements: Web browser. |n Title from title screen (viewed on Aug. 2, 2007). |n Access may be restricted to users at subscribing institutions. | ||
| 520 | |a The technololgy and structure of telecommunications networks has changed dramatically over the past few years. These developments have changed the equipment you purchase, the services you use, the providers you can choose, and the methods available for transporting data. Practical Telecommunications and Wireless Communications for Engineers and Technicians will be of particular benefit to those who want to take full advantage of the latest and most effective telecommunications technology and services. This book provides a grounding in the fundamentals of modern telecommunications systems in use in industrial, engineering and business settings. From networking for control systems to the use of Wireless LANs for enhanced on-site communications systems. This is a cutting-edge book on the fundamentals of telecommunications for anyone looking for a complete understanding of the essentials of the terms, jargon and technologies used. It has been designed for those who require a basic grounding in telecommunications for industrial, engineering and business applications. Gain an understanding of the fundamentals of modern industrial, engineering and business telecommunications systems, from networking for industrial control to the use of Wireless LANs for enhanced on-site communications systems Learn to take full advantage of the latest and most effective telecommunications technology and services Provides a thorough grounding in the terms, jargon and technologies involved in data communications. | ||
| 505 | 0 | |a Introduction to telecommunications -- Telecommunication basics -- Transmission media -- The Public Switched Telephone Network (PSTN) -- Private switched telephone services -- Public transport network technologies -- Broadband customer access technologies -- Local and Wide Area Networks -- Converged networks -- Wireless (Cellular) communications -- Appendix A: Practical session data -- Appendix B: Glossary. | |
| 500 | |a Includes index. | ||
| 500 | |a Electronic resource. | ||
| 650 | 0 | |a Telecommunication systems. | |
| 650 | 0 | |a Computer networks. | |
| 655 | 7 | |a Electronic books. |2 local | |
| 700 | 1 | |a Reynders, Deon. | |
| 730 | 0 | |a Referex. | |
| 776 | 1 | |c Original |z 0750662719 |z 9780750662710 |w (DLC) 2005275142 |w (OCoLC)56640107 | |
| 830 | 0 | |a Practical professional books from Elsevier. | |
| 856 | 4 | 0 | |u http://proxy.library.tamu.edu/login?url=https://www.sciencedirect.com/science/book/9780750662710 |z Connect to the full text of this electronic book |t 0 |
| 856 | 4 | 2 | |3 Publisher description |u http://www.loc.gov/catdir/enhancements/fy0626/2005275142-d.html |t 0 |
| 856 | 4 | 2 | |3 Table of contents |u http://www.loc.gov/catdir/enhancements/fy0626/2005275142-t.html |t 0 |
| 994 | |a C0 |b TEF | ||
| 999 | |a MARS | ||
| 999 | f | f | |s ad6f7de1-fb98-3fab-8908-0541cdb1a83f |i c8029e8f-dda9-36a8-86b7-2525af7be919 |t 0 |
| 952 | f | f | |a Texas A&M University |b College Station |c Electronic Resources |s www_evans |d Available Online |t 0 |e TK5101 .W75 2004eb |h Library of Congress classification |
| 998 | f | f | |a TK5101 .W75 2004eb |t 0 |l Available Online |